Т. 2 : L-Z; Петрологический англо-русский толковый словарь

Bibliografiske detaljer
Parent link:Петрологический англо-русский толковый словарь: пер. с англ./ С. И. Томкеев. Т. 2 : L-Z.— , 1986
Hovedforfatter: Томкеев С. И. Сергей Иванович
Sprog:russisk
engelsk
Udgivet: 1986
Fag:
Format: MixedMaterials Bog
KOHA link:https://koha.lib.tpu.ru/cgi-bin/koha/opac-detail.pl?biblionumber=266537

MARC

LEADER 00000nam2a2200000 4500
001 266537
005 20231101234017.0
020 |a RU  |b 86-98302 
035 |a (RuTPU)RU\TPU\book\289557 
090 |a 266537 
100 |a 20140710d1986 km a0rusy5003 ca 
101 1 |a rus  |a eng 
102 |a RU 
105 |a y e 000zy 
200 0 |a Т. 2 : L-Z 
210 |d 1986 
215 |a 284 с. 
461 1 |0 (RuTPU)RU\TPU\book\288024  |t Петрологический англо-русский толковый словарь  |o пер. с англ.  |o в 2 т.  |f С. И. Томкеев  |v Т. 2 : L-Z  |d 1986 
606 1 |a Английский язык  |x Терминологические словари  |2 stltpush  |3 (RuTPU)RU\TPU\subj\29063  |9 52475 
606 1 |a Петрология  |2 stltpush  |3 (RuTPU)RU\TPU\subj\48710  |9 67556 
610 0 |a англо-русские словари 
610 1 |a петрография 
610 1 |a англо-русские словари по петрографии 
610 1 |a словари англо-русские 
610 1 |a термины 
675 |a 552(03)  |v 3 
686 |a Ш143.21-43  |2 rubbk 
700 1 |a Томкеев  |b С. И.  |g Сергей Иванович 
801 0 |a RU  |b RuMRKP  |c 19950417  |g psbo 
801 1 |a RU  |b 63413507  |c 20140710 
801 2 |a RU  |b 63413507  |c 20150727  |g RCR 
942 |c BK